000 00471nam a2200181Ia 4500
001 463
005 20260306140519.0
008 260306t2007||||xx |||||||||||||| ||spa||
041 _aESP
082 _a121
_bH36E
100 _aHeidegger, Martin
_eAUT
245 0 _aDe la esencia de la verdad :
_bsobre la parábola de la caverna y el Teeteto Platón
260 _c2007
300 _a317 páginas :
_c22 cm.
650 _aGEN
654 _aCHU
942 _cLIB
_dJUS
_fJUS
_2ddc
_n
999 _c463
_d463